Guess the lyrics (#46) - Statistics

General Stats
  • This quiz has been taken 186 times
  • The average score is 42 of 99
Answer Stats
Answer % Correct
a
95%
A
95%
a
95%
a
95%
a
95%
a
95%
a
95%
the
90%
the
90%
the
90%
The
90%
The
90%
the
90%
The
90%
the
90%
the
90%
and
87%
and
87%
and
87%
And
87%
and
87%
to
79%
to
79%
in
75%
in
75%
in
75%
in
75%
When
75%
when
75%
it
73%
of
69%
of
69%
on
66%
her
60%
she
59%
that
57%
that
57%
there
55%
was
50%
was
50%
was
50%
was
50%
as
45%
his
40%
his
40%
out
35%
out
35%
off
34%
down
29%
money
28%
song
27%
Sing
24%
sing,
24%
put
21%
before
20%
came
20%
came
20%
Wasn't
19%
house
17%
Four
16%
full
16%
pocket
16%
set
15%
blackbird
14%
king?
14%
king
14%
pie
14%
pie
14%
sixpence
14%
twenty
14%
baked
13%
blackbirds
13%
eating
13%
queen
13%
rye
13%
birds
12%
counting
12%
counting
12%
began
11%
clothes,
11%
dainty
11%
dish
11%
honey
11%
opened
11%
parlour
11%
after
10%
again
10%
bread
10%
garden
10%
maid
10%
little
9%
nose
9%
hanging
8%
pecked
7%
wren
3%
sat
2%
chair
1%
shortly
1%
upon
1%
No matching quizzes found
Score Distribution
Percent of People with Each Score
Percentile by Number Answered
Your Score History
You have not taken this quiz